000 00564nam a2200229Ia 4500
003 OSt
005 20221005125807.0
006 a|||||r|||| 00| 0
007 ta
008 221004b |||||||| |||| 00| 0 mal d
024 _a52798
037 _cTextual
040 _aCRL
_cCRL
_bmal
041 _2mal
_amal
082 _aG1, 32J5
100 _aNamboothiripad Au.
_9637120
245 0 _aPrakrithi sasthra thi loode
260 _c1955
650 _aBIOLOGY
942 _hG1, 32J5
_cTEXL
_2cc
999 _c1055078
_d1055078